Catálogo

ENVIRONMENTS IN A CHANGE WORLD (Registro nro. 48379)

Detalles MARC
000 -LEADER
fixed length control field 00804nam a2200205 a 4500
001 - CONTROL NUMBER
control field 48379
005 - DATE AND TIME OF LATEST TRANSACTION
control field 20180714032652.0
008 - FIXED-LENGTH DATA ELEMENTS--GENERAL INFORMATION
fixed length control field 140415s2000 my 000 0 spa d
020 ## - INTERNATIONAL STANDARD BOOK NUMBER
International Standard Book Number 0582327725
041 ## - LANGUAGE CODE
Language code of text/sound track or separate title spa
082 ## - DEWEY DECIMAL CLASSIFICATION NUMBER
Classification number 304.2
Item number HUC
100 1# - MAIN ENTRY--PERSONAL NAME
Personal name HUCKLE, JOHN
245 10 - TITLE STATEMENT
Title ENVIRONMENTS IN A CHANGE WORLD
250 ## - EDITION STATEMENT
Edition statement 1a ed.
260 ## - PUBLICATION, DISTRIBUTION, ETC.
Place of publication, distribution, etc. MALASIA :
Name of publisher, distributor, etc. PEARSON EDUCATION LIMITED,
Date of publication, distribution, etc. 2000
300 ## - PHYSICAL DESCRIPTION
Extent 438
Dimensions x 15.6 x 1.1
520 ## - SUMMARY, ETC.
Summary, etc. ENVIRONMENTS IN A CHANGING WORLD, CONTIENE UNA INTRODUCCION A LA TEORIA SOCIAL Y EL MEDIO AMBIENTE PARA LOS ESTUDIOSOS DE LA GEOGRAFIA, HACE UNA GEOGRAFIA HUMANA TAN RELEVANTE PARA ENTENDER EL PASADO Y EL PRESENTE DEL MEDIO AMBIENTE, EXPLORA RANGOS FILOSOFICOS Y POLITICOS.
650 14 - SUBJECT ADDED ENTRY--TOPICAL TERM
Topical term or geographic name entry element ECOLOGIA HUMANA
700 1# - ADDED ENTRY--PERSONAL NAME
Personal name MARTIN, ADRIAN
Relator term coaut.
Existencias
Withdrawn status Lost status Source of classification or shelving scheme Damaged status Not for loan Collection code Home library Current library Shelving location Date acquired Source of acquisition Inventory number Total Checkouts Full call number Barcode Date last seen Price effective from Koha item type
    Dewey Decimal Classification     General Biblioteca Karol Wojtyla Biblioteca Karol Wojtyla Sala general 03/12/2013 Compra 151000000000000000054176   304.2 HUC 72336 05/01/2026 03/12/2013 Libro